Princípy a zásady v obchodnom práve

Zásady poctivého obchodného styku v spojení s dobrými mravmi. Zásada ekvity a zákaz zneužitia subjektívnych práv (paragraf 3 ods. 1 Občianskeho zákonníka). Zásada poctivého obchodného styku (paragraf 265 Obchodného zákonníka). Neplatnosť spoločnosti (paragraf 68a Obchodného zákonníka). Dobré mravy s...

Descripción completa

Guardado en:
Detalles Bibliográficos
Autor principal: Vačoková, Lenka, 1983-
Formato: Capítulo de libro
Lenguaje:eslovaco
Materias:
Etiquetas: Agregar Etiqueta
Sin Etiquetas, Sea el primero en etiquetar este registro!

MARC

LEADER 00000naa$a2200000$$$4500
001 0125238
005 20240502083317.6
041 0 |a slo 
044 |a CZ 
245 1 0 |a Princípy a zásady v obchodnom práve  |c Lenka Vačoková 
520 |a Zásady poctivého obchodného styku v spojení s dobrými mravmi. Zásada ekvity a zákaz zneužitia subjektívnych práv (paragraf 3 ods. 1 Občianskeho zákonníka). Zásada poctivého obchodného styku (paragraf 265 Obchodného zákonníka). Neplatnosť spoločnosti (paragraf 68a Obchodného zákonníka). Dobré mravy súťaže (paragraf 44 ods. 1 Obchodného zákonníka). Zásada zákazu zneužitia práva (paragraf 56a Obchodného zákonníka). 
610 2 0 |a právo obchodné 
610 2 0 |a morálka 
610 2 0 |a obchod 
610 2 0 |a podnikanie 
610 2 0 |a vzťahy obchodné záväzkové 
610 2 0 |a spoločnosti 
610 2 0 |a súťaž hospodárska 
100 1 |a Vačoková, Lenka, 1983-